000 00668nam a22002177a 4500
003 OSt
005 20251121111930.0
008 251121b |||||||| |||| 00| 0 eng d
020 _a 978168095877
040 _aDWCL-Main lib
_cOC
082 _aRes. 005.13 J11 2017
100 _a3G ELEARNING FZ LLC
245 _aJava and web design/
_c3G ELEARNING FZ LLC
260 _aUSA:
_b3G E-learning ,
_cc2017
300 _a xii, 304 pages :
_billustrations (chiefly colors) ;
_c24cm.
504 _aIncludes index.
650 _a1. Java ( computer programming)
650 _a2. Web application security
650 _a3.Web design
942 _2ddc
_cBK-0 CIRC
_kRes.
_n0
999 _c5983
_d5983